| 000 | 01046cam a22002771 4500 | ||
|---|---|---|---|
| 001 | rc 01000525 | ||
| 003 | DLC | ||
| 005 | 20260227111900.0 | ||
| 008 | 721201s1899 mnuabcf b 000 0 eng | ||
| 010 | _arc 01000525 | ||
| 035 | _a(OCoLC)505390 | ||
| 040 |
_aDLC _cOCU _dOCoLC _dDLC |
||
| 050 | 0 | 0 |
_aF351 _b.M53 vol. 2 |
| 100 | 1 |
_aBrower, J. V. _q(Jacob Vradenberg), _d1844-1905. |
|
| 245 | 1 | 0 |
_aHarahey. _cBy J.V. Brower, author of Quivira, etc., etc. |
| 260 |
_aSt. Paul, Minn. _b[H.L. Collins Co.] _c1899. |
||
| 300 |
_a133 p. incl. front., illus., plates, ports. _bdouble map. _c31 cm. |
||
| 490 | 0 |
_aMemoirs of explorations in the basin of the Mississippi. _vvol. II |
|
| 500 | _aPlates printed on both sides. | ||
| 500 | _aFirst edition, 300 numbered autograph copies. no. 24. | ||
| 500 | _a"Coronado's march to Quivira," by F.W. Hodge: p. 29-73. | ||
| 504 | _a"Bibliographic references": p. 121-125. | ||
| 600 | 1 | 0 |
_aCoronado, Francisco Vásquez de, _d1510-1554. |
| 651 | 0 | _aHarahey. | |
| 700 | 1 |
_aHodge, Frederick Webb, _d1864-1956. |
|
| 999 |
_c51836 _d51836 |
||